Elektronika 2-ci hissə (Record no. 474)
[ view plain ]
| 000 -LEADER | |
|---|---|
| fixed length control field | 02519nam a22003377a 4500 |
| 003 - CONTROL NUMBER IDENTIFIER | |
| control field | OSt |
| 005 - DATE AND TIME OF LATEST TRANSACTION | |
| control field | 20260514100253.0 |
| 008 - FIXED-LENGTH DATA ELEMENTS--GENERAL INFORMATION | |
| fixed length control field | 260514b |||||||| |||| 00| 0 aze d |
| 040 ## - CATALOGING SOURCE | |
| Original cataloging agency | AZ-XaKU |
| Language of cataloging | aze |
| Transcribing agency | AZ-XaKU |
| 041 ## - LANGUAGE CODE | |
| Language code of text/sound track or separate title | aze |
| 050 04 - LIBRARY OF CONGRESS CALL NUMBER | |
| Classification number | TK7819 .H8811 2010 v.2 |
| 100 1# - MAIN ENTRY--PERSONAL NAME | |
| Personal name | Hümbətov, R.T |
| Relator term | müəllif. |
| 245 1# - TITLE STATEMENT | |
| Title | Elektronika 2-ci hissə |
| Remainder of title | :(Elektron qurğular) |
| Statement of responsibility, etc. | / R.T.Hümbətov ; rəy verənlər M.B.Namazov, İ.M.İsmayılov ; redaktor A.M.Əliyev |
| 250 ## - EDITION STATEMENT | |
| Edition statement | 2-ci hissə |
| 264 ## - PRODUCTION, PUBLICATION, DISTRIBUTION, MANUFACTURE, AND COPYRIGHT NOTICE | |
| Place of production, publication, distribution, manufacture | Bakı: |
| Name of producer, publisher, distributor, manufacturer | <<Marif>>, |
| Date of production, publication, distribution, manufacture, or copyright notice | 2010. |
| 300 ## - PHYSICAL DESCRIPTION | |
| Extent | 284 səhifə ; |
| Other physical details | şəkilli, |
| Dimensions | 20 sm. |
| 336 ## - CONTENT TYPE | |
| Content type term | text |
| Content type code | txt |
| Source | rdacontent |
| 337 ## - MEDIA TYPE | |
| Media type term | unmediated |
| Media type code | n |
| Source | rdamedia |
| 338 ## - CARRIER TYPE | |
| Carrier type term | volume |
| Carrier type code | nc |
| Source | rdacarrier |
| 504 ## - BIBLIOGRAPHY, ETC. NOTE | |
| Bibliography, etc. note | Ədəbiyyat: s. 287-291 |
| 505 0# - Formatted Contents Note | |
| Formatted contents note | Giriş -- Elektron açar sxemləri -- 2. Elektron məntiq elementləri -- 3. Elektrik siqnallarını gücləndirən qurğular -- 4. Harmonik rəqs generatorları -- 5. İmpuls siqnallı generatorlar -- 6. Rəqəmli elektron və mikroelektron qurğular -- 7. Siqnal formalaşdırıcıları və analoq-rəqəm çevirici qurğular -- 8. Elektrik enerjisini çevirən, tənzimləyən və stabilləşdirən elektron qurğular-ikinci qida mənbələri. |
| 520 ## - SUMMARY, ETC. | |
| Summary, etc. | Dərs vəsaitində yarımkeçirici cihazlarda və inteqral mikrosxemlərdə yığılmış, analoq və impulsşəkilli siqnallar üzərində müxtəlif çevirmələr aparan elektron qurğularının: açarların, məntiq elementlərinin, gücləndiricilərin, generatorların, sayğacların, registrlərin, kod çeviricilərinin, siqnal formalaşdırıcılarının, düzləndiricilərin, hamarlayıcı süzgəclərin, stabilizatorların və s. təsnifatı verilir, onların prinsipial və ekvivalent sxemləri araşdırılır, iş prinsipləri şərh edilir, əsas parametrləri xarakterik xüsusiyyətləri və təyinatları haqqında məlumat verilir. |
| 521 ## - TARGET AUDIENCE NOTE | |
| Target audience note | Vəsait ali texniki məktəblərin və texnikumların elektronika, avtomatlaşdırma, telekommunikasiya, radiotexnika, cihazqayırma və elektroenergetika yönümlü ixtisasları üzrə təhsil alan tələbələri üçün nəzərdə tutulmuşdur. Vəsaitdən həm də idarəetmə və elektronika sahəsində çalışan mütəxəssislər də faydalana bilərlər. |
| 650 #7 - SUBJECT ADDED ENTRY--TOPICAL TERM | |
| Topical term or geographic name entry element | Mühəndislik |
| Source of heading or term | AZ-XaKU |
| 655 ## - INDEX TERM--GENRE/FORM | |
| Source of term | AZ-XaKU |
| Genre/form data or focus term | Dərslik |
| 700 1# - ADDED ENTRY--PERSONAL NAME | |
| Personal name | Namazov, M.B, |
| Relator term | dosent, |
| Fuller form of name | rəyçi. |
| 700 1# - ADDED ENTRY--PERSONAL NAME | |
| Personal name | İsmayıl, İ.M, |
| Relator term | dosent, |
| Fuller form of name | rəyçi. |
| 700 1# - ADDED ENTRY--PERSONAL NAME | |
| Personal name | Əliyev, A.M, |
| Relator term | dosent, |
| Fuller form of name | redaktor. |
| 942 ## - ADDED ENTRY ELEMENTS (KOHA) | |
| Koha item type | Book |
| Withdrawn status | Lost status | Source of classification or shelving scheme | Damaged status | Not for loan | Collection | Home library | Current library | Date acquired | Total checkouts | Full call number | Barcode | Date last seen | Copy number | Price effective from | Koha item type |
|---|---|---|---|---|---|---|---|---|---|---|---|---|---|---|---|
| Library of Congress Classification | General Collection | Karabakh University Main Library | Karabakh University Main Library | 05/14/2026 | TK7819 .H8811 2010 v.2 | 0000000353 | 05/14/2026 | 1 | 05/14/2026 | Book | |||||
| Library of Congress Classification | General Collection | Karabakh University Main Library | Karabakh University Main Library | 05/14/2026 | TK7819 .H8811 2010 v.2 c.2 | 0000000354 | 05/14/2026 | 2 | 05/14/2026 | Book | |||||
| Library of Congress Classification | Karabakh University Main Library | Karabakh University Main Library | 05/14/2026 | TK7819 .H8811 2010 v.2 c.3 | 0000000355 | 05/14/2026 | 3 | 05/14/2026 | Book |